Lokální léčba bronchogenního karcinomu

Bibliographic Details
Main Author: Chvátalová, Dana (Author)
Format: Article
Language:Czech
PhysicalDescription:Res. angl., čes., lit. 20 zázn. v angl., češ., slov.
ISSN:0371-2222
Subjects:

MARC

LEADER 00000nab a2200000 a 4500
001 vtls000542435
003 SK-MaSNL
005 20260303011827.0
008 220422c1994 xo 0 cze
015 |a SNBRB19rr/mm-uuuuu 
035 |a CL0542573 
040 |a SNKBUCL  |b slo  |c SNKBUCL  |e AACR2 
041 0 |a cze 
044 |a xo  |c SK 
080 |a 616.24-006.6  |2 1981 
100 1 |a Chvátalová, Dana  |4 aut  |9 990805 
245 1 0 |a Lokální léčba bronchogenního karcinomu  |c Dana Chvátalová 
300 |b Res. angl., čes., lit. 20 zázn. v angl., češ., slov. 
650 0 7 |a karcinóm bronchogénny  |2 snkbucl  |9 990645 
655 7 |a články z novín a časopisov  |2 snkbucl  |9 267496 
773 0 |t Studia pneumologica et phtiseologica  |g Roč. 54, č. 1 (1994), s. 63-68  |x 0371-2222 
850 |a Slovenská národná knižnica v Martine  |a MTA001 
852 |a SNK  |b KIS3GCP 
958 |a NB 
958 |a RK 
958 |a ME 
992 |a RBX 
999 |c 1594213  |d 1596143